powiaty w warmińsko mazurskim - Statystyki

Ogólne statystyki
  • Ten quiz został rozwiązany 40 razy
  • Średni wynik to 15 z 20
Statystyki odpowiedzi
Odpowiedź % Poprawnych
Olsztyn
100%
Elbląski
89%
Olsztynski
89%
Iławski
86%
Bartoszycki
80%
Elbląg
80%
Giżycki
77%
Nidzicki
77%
Mrągowski
74%
Ostródzki
74%
Działdowski
71%
Ełcki
71%
Olecki
71%
Gołdapski
69%
Szczycieński
69%
Węgorzewski
69%
Braniewski
66%
Lidzbarski
66%
piski
66%
Nowomiejski
54%
Nie znaleziono quizów pasujących do podanych kryteriów
Rozkład punktacji
Procent ludzi z każdym wynikiem
Percentyl według liczby udzielonych odpowiedzi
Twoja historia wyników
Nie rozwiązałeś tego quizu